| 000 | 00867cab a2200289 4500 | ||
|---|---|---|---|
| 001 | WB2914-01 | ||
| 008 | 090401t1993 xxu||||| |||| 00| 0 eng d | ||
| 035 | _a(Sirsi) u89508 | ||
| 041 | _aeng | ||
| 245 | _aDecline in building industry eases | ||
| 260 | _c1993 | ||
| 350 | _a0 | ||
| 490 |
_aFinancial Times _v6 April 1993, 8 |
||
| 490 |
_aIndependent _v6 April 1993, 21(1) |
||
| 520 | _aAccording to the BEC 50,000 jobs will still be lost this year in the construction industry, although the rate of decline in production has slowed over the last quarter. | ||
| 650 | _aCONSTRUCTION INDUSTRY | ||
| 650 | _aFORECAST | ||
| 650 | _aJOB LOSSES | ||
| 650 | _aOUTPUT | ||
| 650 | _aREDUNDANCIES | ||
| 650 | _aSTATISTICS | ||
| 650 | _aUNEMPLOYMENT | ||
| 690 | _aBUILT ENVIRONMENT | ||
| 690 | _aECONOMIC AND SOCIAL | ||
| 942 | _n0 | ||
| 948 | _c04/03/1997 | ||
| 999 |
_c56641 _d56641 |
||